| 000 | 00826nam a2200229 i 4500 | ||
|---|---|---|---|
| 001 | 177542 | ||
| 003 | ES-MaACL | ||
| 005 | 20250717142010.0 | ||
| 007 | t| | ||
| 008 | 110401s1974 sp r ||||1| spa d | ||
| 020 | _a84-312-0178-9 | ||
| 080 | _a94(460)"1936/1939"(093.3) | ||
| 100 | 1 |
_aGarriga, Ramón. _955740 |
|
| 245 | 1 | 0 |
_aGuadalajara y sus consecuencias / _cRamón Garriga. |
| 260 |
_aMadrid : _bG. del Toro, _cD. L. 1974. |
||
| 300 |
_a308 p. ; _c21 cm. |
||
| 490 | 1 |
_aMemorias de la guerra civil española 1936-39 ; _v11 |
|
| 651 | 4 |
_aEspaña- _xHistoria- _y1936-1939, Guerra civil- _xParticipación extranjera. _98319 |
|
| 830 | 0 | 0 |
_aMemorias de la guerra civil española 1936-39 _v11 _9181851 |
| 852 |
_aES-MaACL _jE-14756 _xOlim P-1031 _z.- Dedicatoria y firma autógrafa del autor |
||
| 999 |
_c177542 _d177542 |
||